000 00683nam a22002297a 4500
005 20170124105940.0
010 _aA-553678
020 _c00.00
_a0863110983
035 _aA-553678
037 _bCen Lib/Ret
040 _aDPL
_bEN
082 _a230.1
_bKAR
100 _aKarve, Irawati
_911075
245 _aYuganta :
_cby Irawati Karve
_bthe end of an epoch /
260 _aHyderabad
_bOrient Longman
_c1974
270 _bHyderabad
_e500029
_a3-6-272, himayat nagar
300 _axi, 217p.
_c17cm(Hb)
500 _aIncludes glossary
650 _aHinduism
_xMahabharata
_911076
650 _aHistorical aspects
_911077
942 _2ddc
_cEN
_h230.1
_mKAR
999 _c124534
_d124534